000 00216nam a2200097Ia 4500
005 20251222114408.0
008 251222s1900||||xx |||||||||||||| ||spa||
082 _aDVD0070/P26/2007
245 0 _aPersepolis:
942 _cDVD
999 _c1918
_d1918